000 00664nam a2200289Ia 4500
005 20260324141940.0
008 008 260324s9999 xx 000 0 eng d
020 _a9780203760819
037 _aEBOOK
040 _aCRL
040 _beng
040 _cCRL
041 _2eng
041 _aeng
084 _qCRL
100 _aThelma S. Fenster; Norris J. Lacy
_91210120
245 0 _aArthurian Women
245 2 _bA Casebook
260 _bTaylor and Francis
260 _c1996
365 _a
365 _b230
856 _uhttp://www.taylorfrancis.com/books/9780203760819
942 _cEBOOK
999 _c1813756
_d1813756